Vysoká plodnosť matiek - úspech včelárenia

Bibliographic Details
Main Author: Kepeňa, Ladislav, 1932-2002 (Author)
Format: Article
Language:Slovak
PhysicalDescription:Graf. 1.
Subjects:

MARC

LEADER 00000nab a2200000 a 4500
001 vtls000087580
003 SK-MaSNL
005 20260304054428.0
008 250422c1981 xo 0 slo
015 |a SNBRB19rr/mm-uuuuu 
035 |a CL0097683 
035 |a urn:nbn:sk:snk-abdksr 
035 |a (urnnbn)urn:nbn:sk:snk:ar-003glr 
035 |a (uuid)a1c81495-a264-48a3-b8b9-c39bcb14e069 
040 |a SNKBUCL  |b slo  |c SNKBUCL  |e AACR2 
041 0 |a slo 
044 |a xo  |c SK 
080 |a 638.1  |2 1981 
100 1 |a Kepeňa, Ladislav,  |d 1932-2002  |4 aut  |9 49157 
245 1 0 |a Vysoká plodnosť matiek - úspech včelárenia  |c Ladislav Kepeňa 
300 |b Graf. 1. 
650 0 7 |a včela medonosná  |2 snkbucl  |9 25170 
655 7 |a články z novín a časopisov  |2 snkbucl  |9 267496 
773 0 |t Včelár  |g Roč. 55, č. 4 (1981), s. 80 
850 |a Slovenská národná knižnica 
852 |a Slovenská národná knižnica 
954 |a odborná, vedecká literatúra pôvodná (slovenská)  |2 lita 
958 |a article19 
958 |a OND 
958 |a RK 
958 |a EUIPO 
992 |a RBX 
999 |c 2718821  |d 2720751